01875 2200193 4500001002100000005001500021008004100036020002200077035002000099082001700119084002300136110000800159245012500167260003600292300002300328520128800351650003101639990001101670INLIS00000000001005120251029032048251029 g 0 ind  a978-979-3535-43-2 a0010-0721005310 aR.900.959 83 aR.900.959 83 TIM e0 aTIM1 aEnsiklopedia Sejarah Dan Budaya 2 :bAwal Abad Pertengahan (501 - 1100) Abad Pertengahan (1101 - 1460) /cSmith, Miranda aJakarta :bLentera Abadi,c2009 a142 hlm. ;c30 cm. aENSIKLOPEDIA SEJARAH DAN BUDAYA KEHIDUPAN yang kita alami sekarang merupakan hasil dari rangkaian kehidupan masa lalu. Ensikiopedia Sejarah dan Budaya jilid 1-5 (sejarah dunia) berisi berbagai fakta dan kisah tentang berbagai bangsa. tempat dan peristiwa pada masa lalu yang membentuk dunia seperti yang kita kenal pada saat ini. Kita dapat mengetahui gambaran mengenai bagaimana para tokoh seperti pemimpin, tiran, seniman, dan ilmuwan yang hidup ratusan tahun yang lalu meninggalkan warisan yang masih berpengaruh dalam kehidupan manusia pada abad ke-21 ini. Kita akan menelusuri kehidupan manusia selama 40.000 tahun terakhir, dari kehidupan para penghuni gua pada zaman batu hingga bangsa Anglo-Sakson. dari bangsa Aztek dan Inca yang hidup di Amerika Tengah sampai bangsa Manchu di Cina, dan dari Perang Kemerdekaan Amerika hingga upaya PBB untuk menjaga perdamaian dunia. Muatan Lokal (jilid 6-8) yang merupakan sejarah nasional Indonesia (dari masa prasejarah, masa kolonial sampai masa kemerdekaan dan pembangunan). akan membawa kita mengenal perjalanan sejarah bangsa kita Indonesia. Bangsa yang besar serta bangsa yang memiliki visa yang jelas untuk menggapai cita-citanya di masa depan adalah bangsa yang mampu mengenal memelajari dan memaknai sejarah atau masa lampaunya. 4aEnsiklopedia Sejarah Dunia a053308